[Event "First Saturday IM 11/2012"]
[Site "Budapest"]
[Date "2012.11.03"]
[Round "1.1"]
[White "Holm, Sejer"]
[Black "Hou, Qiang"]
[Result "1-0"]
[WhiteElo "2274"]
[BlackElo "2289"]
[PlyCount "87"]
[EventDate "2012.11.03"]

1. d4 Nf6 2. Nf3 g6 3. c4 Bg7 4. Nc3 O-O 5. e4 d6 6. h3 e5 7. Bd3 Nc6 8. Be3
Nh5 9. d5 Ne7 10. O-O Nf4 11. Bxf4 exf4 12. Qd2 Bh6 13. Rfe1 f6 14. Rad1 Bd7
15. Be2 g5 16. Nd4 Qc8 17. Bh5 Ng6 18. Qe2 Ne5 19. Nf3 Ng6 20. Nb5 Bg7 21. Nbd4
Ne7 22. Rd2 Kh8 23. Rc1 b6 24. b4 a5 25. c5 Qd8 26. cxd6 cxd6 27. b5 h6 28. Nc6
Nxc6 29. dxc6 Bc8 30. Rcd1 Qe7 31. Nd4 Ra7 32. Bg4 f5 33. Bxf5 Bxd4 34. Bxc8
Bc5 35. Bf5 Qg7 36. Qh5 Re7 37. Rxd6 Bxd6 38. Rxd6 Rf6 39. Rd8+ Rf8 40. Rxf8+
Qxf8 41. Qg6 Rc7 42. Bd7 a4 43. e5 Qg7 44. Qd6 1-0

[Event "First Saturday IM 11/2012"]
[Site "Budapest"]
[Date "2012.11.03"]
[Round "1.2"]
[White "Liu, Guanchu"]
[Black "Szeberenyi, Adam"]
[Result "1-0"]
[WhiteElo "2233"]
[BlackElo "2347"]
[PlyCount "42"]
[EventDate "2012.11.03"]

1. e4 c5 2. Nf3 d6 3. d4 cxd4 4. Nxd4 Nf6 5. Nc3 a6 6. Be3 e5 7. Nb3 Be6 8. f4
exf4 9. Bxf4 Nc6 10. Qe2 Be7 11. h3 O-O 12. O-O-O Qc7 13. g4 Rfe8 14. Kb1 Rac8
15. g5 Nd7 16. h4 Bf8 17. Bh3 Nb6 18. h5 Bxh3 19. Rxh3 Qd7 20. Qh2 Ne5 21. Rg3
Rc4 1-0

[Event "First Saturday IM 11/2012"]
[Site "Budapest"]
[Date "2012.11.03"]
[Round "1.4"]
[White "Atnilov, Michael"]
[Black "Kislik, Erik Andrew"]
[Result "0-1"]
[WhiteElo "2099"]
[BlackElo "2413"]
[PlyCount "74"]
[EventDate "2012.11.03"]

1. e4 c5 2. Nf3 d6 3. d4 cxd4 4. Nxd4 Nf6 5. Nc3 a6 6. Be3 e5 7. Nb3 Be7 8. f3
Be6 9. Qd2 O-O 10. O-O-O Nbd7 11. g4 b5 12. g5 Nh5 13. Rg1 Rc8 14. f4 exf4 15.
Bxf4 Nxf4 16. Qxf4 Rxc3 17. bxc3 Qc7 18. Qe3 Ne5 19. h4 Rc8 20. Rd4 Nc6 21. Qd2
Nxd4 22. cxd4 d5 23. Bd3 dxe4 24. Bxe4 a5 25. Kb1 a4 26. Nc1 Bc4 27. h5 Ba3 28.
Nd3 Qd6 29. Ne5 Bb4 30. Qf4 Bc3 31. Bxh7+ Kxh7 32. Qf5+ g6 33. hxg6+ Kg7 34.
Qf6+ Qxf6 35. gxf6+ Kxf6 36. gxf7 Bxd4 37. Rg8 Rxg8 0-1

[Event "First Saturday IM 11/2012"]
[Site "Budapest"]
[Date "2012.11.03"]
[Round "1.6"]
[White "Aryan, Chopra"]
[Black "Wittmann, Walter"]
[Result "1/2-1/2"]
[WhiteElo "2051"]
[BlackElo "2245"]
[PlyCount "64"]
[EventDate "2012.11.03"]

1. e4 c5 2. Nf3 Nc6 3. d4 cxd4 4. Nxd4 Nf6 5. Nc3 d6 6. Bc4 e6 7. Be3 Be7 8.
Qe2 O-O 9. Bb3 a6 10. O-O-O Qc7 11. Rhg1 Nd7 12. g4 Nc5 13. Kb1 Bd7 14. f3 Nxd4
15. Bxd4 b5 16. e5 Bc6 17. exd6 Bxd6 18. Ne4 Nxe4 19. fxe4 a5 20. e5 Be7 21. c3
b4 22. Bc2 Qb7 23. Rg3 Rfd8 24. g5 g6 25. h4 bxc3 26. Bxc3 Rxd1+ 27. Qxd1 a4
28. h5 Be4 29. hxg6 hxg6 30. Qe2 Bxc2+ 31. Kxc2 Rd8 32. Qf2 Qd7 1/2-1/2

[Event "First Saturday IM 11/2012"]
[Site "Budapest"]
[Date "2012.11.05"]
[Round "2.1"]
[White "Hou, Qiang"]
[Black "Wittmann, Walter"]
[Result "1/2-1/2"]
[WhiteElo "2289"]
[BlackElo "2245"]
[PlyCount "56"]
[EventDate "2012.11.03"]

1. e4 c5 2. Nf3 Nc6 3. d4 cxd4 4. Nxd4 Nf6 5. Nc3 d6 6. Bg5 e6 7. Qd2 Be7 8.
O-O-O Nxd4 9. Qxd4 O-O 10. f4 h6 11. h4 Qa5 12. Kb1 Rd8 13. Bd3 Kf8 14. Qe3 d5
15. exd5 exd5 16. Rde1 Be6 17. f5 d4 18. Qf4 dxc3 19. fxe6 Rxd3 20. Bxf6 Bxf6
21. cxd3 Qb5 22. Qf2 Qxd3+ 23. Qc2 Qxc2+ 24. Kxc2 cxb2 25. Rh3 Rc8+ 26. Kb1 h5
27. Rb3 b6 28. g3 Rc6 1/2-1/2

[Event "First Saturday IM 11/2012"]
[Site "Budapest"]
[Date "2012.11.05"]
[Round "2.2"]
[White "Stigar, Petter"]
[Black "Aryan, Chopra"]
[Result "1/2-1/2"]
[WhiteElo "2290"]
[BlackElo "2051"]
[PlyCount "31"]
[EventDate "2012.11.03"]

1. d4 d5 2. c4 c6 3. Nf3 Nf6 4. cxd5 cxd5 5. Nc3 Nc6 6. Bf4 a6 7. Rc1 Bf5 8. e3
e6 9. Qb3 Ra7 10. Be2 Be7 11. O-O O-O 12. Ne5 Nxe5 13. Bxe5 b5 14. Bxf6 gxf6
15. a3 Qa5 16. Na2 1/2-1/2

[Event "First Saturday IM 11/2012"]
[Site "Budapest"]
[Date "2012.11.05"]
[Round "2.3"]
[White "Kislik, Erik Andrew"]
[Black "Kojima, Shinya"]
[Result "0-1"]
[WhiteElo "2413"]
[BlackElo "2339"]
[PlyCount "74"]
[EventDate "2012.11.03"]

1. d4 d5 2. c4 c6 3. Nc3 Nf6 4. cxd5 cxd5 5. Bf4 Nc6 6. e3 Bf5 7. Qb3 Na5 8.
Qa4+ Bd7 9. Qc2 Rc8 10. Nf3 e6 11. Bd3 Bb4 12. O-O O-O 13. Rac1 Nc4 14. Qe2 Qa5
15. Ne5 Nxe5 16. dxe5 Ne4 17. Nxe4 dxe4 18. Rxc8 Rxc8 19. Bxe4 Bb5 20. Bd3 Bxd3
21. Qxd3 Qxa2 22. Qd7 Rf8 23. Qxb7 a5 24. Bg5 h6 25. Be7 Bxe7 26. Qxe7 Qxb2 27.
Qa7 Qxe5 28. Rd1 Rc8 29. f3 Qb5 30. Ra1 g6 31. h4 Rc5 32. Rd1 Rd5 33. Rc1 Kg7
34. Ra1 Qb2 35. Rxa5 Qb1+ 36. Kh2 Rd2 37. e4 Qf1 0-1

[Event "First Saturday IM 11/2012"]
[Site "Budapest"]
[Date "2012.11.05"]
[Round "2.4"]
[White "Battey, Alexander"]
[Black "Atnilov, Michael"]
[Result "1/2-1/2"]
[WhiteElo "2362"]
[BlackElo "2099"]
[PlyCount "58"]
[EventDate "2012.11.03"]

1. d4 Nf6 2. c4 e6 3. Nf3 c5 4. d5 exd5 5. cxd5 d6 6. Nc3 g6 7. Bf4 a6 8. a4
Bg7 9. h3 O-O 10. e3 Qe7 11. Be2 Nbd7 12. O-O Ne8 13. Re1 Ne5 14. e4 Nc7 15.
Qd2 Nxf3+ 16. Bxf3 Be5 17. Bg5 f6 18. Be3 f5 19. exf5 Bxf5 20. Bf4 Bxf4 21.
Qxf4 Qd7 22. Qh4 Rae8 23. g4 Bd3 24. Bg2 b5 25. Qg3 c4 26. axb5 Rxe1+ 27. Rxe1
axb5 28. Qh4 Re8 29. Rxe8+ Qxe8 1/2-1/2

[Event "First Saturday IM 11/2012"]
[Site "Budapest"]
[Date "2012.11.05"]
[Round "2.5"]
[White "Szeberenyi, Adam"]
[Black "Massoni, Michael"]
[Result "0-1"]
[WhiteElo "2347"]
[BlackElo "2381"]
[PlyCount "64"]
[EventDate "2012.11.03"]

1. d4 Nf6 2. c4 g6 3. Nc3 d5 4. Nf3 Bg7 5. Qa4+ Bd7 6. Qb3 dxc4 7. Qxc4 O-O 8.
e4 b5 9. Qb3 c5 10. dxc5 a6 11. e5 Ng4 12. Bf4 Be6 13. Qd1 Nc6 14. Be2 Ngxe5
15. Nxe5 Nxe5 16. O-O Rc8 17. Qxd8 Rfxd8 18. Rfd1 Nd7 19. Bg5 Kf8 20. a4 b4 21.
Ne4 f5 22. Nd6 Nxc5 23. Nxc8 Rxc8 24. Be3 Bxb2 25. Bxc5 Rxc5 26. Rab1 Bc3 27.
Bxa6 Ba2 28. Rd8+ Kf7 29. Rc1 Ra5 30. Ra8 Rxa4 31. Bb7 Rxa8 32. Bxa8 b3 0-1

[Event "First Saturday IM 11/2012"]
[Site "Budapest"]
[Date "2012.11.05"]
[Round "2.6"]
[White "Holm, Sejer"]
[Black "Liu, Guanchu"]
[Result "0-1"]
[WhiteElo "2274"]
[BlackElo "2233"]
[PlyCount "102"]
[EventDate "2012.11.03"]

1. Nf3 f5 2. d4 Nf6 3. c4 g6 4. Nc3 Bg7 5. Bf4 d6 6. e3 O-O 7. Qb3 Kh8 8. h3 c6
9. Be2 Qe8 10. O-O h6 11. c5 dxc5 12. dxc5 Nbd7 13. Qc4 e5 14. Bh2 e4 15. Nd4
Ne5 16. Qa4 g5 17. Qc2 Qe7 18. b4 Bd7 19. a3 Rae8 20. Rad1 Qf7 21. Nb3 Nd5 22.
Nxd5 cxd5 23. f4 exf3 24. Bxf3 Nxf3+ 25. Rxf3 f4 26. Rdf1 Bb5 27. exf4 Bxf1 28.
Rxf1 gxf4 29. Rxf4 Qe6 30. Rxf8+ Rxf8 31. Qd2 Qe4 32. Bd6 Re8 33. Kf2 Re6 34.
b5 Qc4 35. Nc1 Qxb5 36. Nd3 Qc4 37. Nf4 Qd4+ 38. Qxd4 Bxd4+ 39. Kf3 Re3+ 40.
Kg4 Kh7 41. Nxd5 Re2 42. Nf4 Rc2 43. Ne6 Rxg2+ 44. Kf3 Rf2+ 45. Ke4 Bf6 46. Bb8
a6 47. Bd6 Kg6 48. Nf4+ Kf7 49. Kd3 Ra2 50. Kc4 Rxa3 51. c6 Rc3+ 0-1

[Event "First Saturday IM 11/2012"]
[Site "Budapest"]
[Date "2012.11.06"]
[Round "3.2"]
[White "Massoni, Michael"]
[Black "Holm, Sejer"]
[Result "1/2-1/2"]
[WhiteElo "2381"]
[BlackElo "2274"]
[PlyCount "142"]
[EventDate "2012.11.03"]

1. e4 e6 2. Nf3 d5 3. Nc3 dxe4 4. Nxe4 Nd7 5. d4 Ngf6 6. Nxf6+ Nxf6 7. Be3 Bd6
8. c4 Bb4+ 9. Nd2 O-O 10. a3 Be7 11. Be2 Bd7 12. Bf3 Rb8 13. O-O a6 14. Qc2 Qe8
15. Rfe1 Qc8 16. Bf4 Re8 17. Be5 Bc6 18. Bxc6 bxc6 19. b3 Nd7 20. Nf3 c5 21.
dxc5 Bxc5 22. Bb2 Be7 23. Ne5 Nxe5 24. Bxe5 Qb7 25. Re3 f6 26. Bb2 e5 27. Rh3
g6 28. Rd1 Rbd8 29. Rhd3 Rxd3 30. Rxd3 Qe4 31. Qd1 Bd6 32. Rd5 Kf7 33. h3 Re6
34. c5 Be7 35. Rd7 Qc6 36. b4 Ke8 37. Rd2 e4 38. Qb3 f5 39. Qe3 g5 40. Qe2 h6
41. Qh5+ Kf8 42. Qd1 f4 43. Qg4 e3 44. fxe3 Rxe3 45. Qf5+ Ke8 46. Qc8+ Kf7 47.
Qh8 Qg6 48. Kh2 h5 49. Qd4 Re4 50. Qd5+ Qe6 51. Qxe6+ Kxe6 52. g4 hxg4 53. hxg4
Re3 54. Kh1 Rh3+ 55. Kg1 Rg3+ 56. Kf1 Rxg4 57. Re2+ Kf7 58. Be5 Bd8 59. Rd2 Ke8
60. c6 Rg3 61. Rd7 Rxa3 62. Bxc7 Bxc7 63. Rxc7 Rc3 64. Rg7 Rxc6 65. Rxg5 Ke7
66. b5 axb5 67. Rxb5 Ke6 68. Kf2 Rc3 69. Ra5 Re3 70. Rb5 Re5 71. Rxe5+ Kxe5
1/2-1/2

[Event "First Saturday IM 11/2012"]
[Site "Budapest"]
[Date "2012.11.06"]
[Round "3.4"]
[White "Kojima, Shinya"]
[Black "Battey, Alexander"]
[Result "1/2-1/2"]
[WhiteElo "2339"]
[BlackElo "2362"]
[PlyCount "39"]
[EventDate "2012.11.03"]

1. Nf3 g6 2. e4 Bg7 3. d4 d6 4. Bc4 Nf6 5. Qe2 Nc6 6. e5 dxe5 7. dxe5 Ng4 8. e6
fxe6 9. Nc3 O-O 10. Bg5 Nge5 11. Nxe5 Nxe5 12. Rd1 Qe8 13. Bb3 c6 14. O-O Kh8
15. Bh4 Bf6 16. Bg3 Nd7 17. Bxe6 Nc5 18. Bxc8 Qxc8 19. Rd2 Qf5 20. Rfd1 1/2-1/2

[Event "First Saturday IM 11/2012"]
[Site "Budapest"]
[Date "2012.11.06"]
[Round "3.5"]
[White "Aryan, Chopra"]
[Black "Kislik, Erik Andrew"]
[Result "1/2-1/2"]
[WhiteElo "2051"]
[BlackElo "2413"]
[PlyCount "72"]
[EventDate "2012.11.03"]

1. e4 c5 2. Nf3 d6 3. d4 cxd4 4. Nxd4 Nf6 5. Nc3 a6 6. Be2 g6 7. O-O Bg7 8. Be3
O-O 9. f4 Nc6 10. Kh1 Bd7 11. Qd2 Rc8 12. Rad1 Nxd4 13. Bxd4 Bc6 14. Bf3 Qc7
15. e5 dxe5 16. Bxe5 Qb6 17. Qf2 Qxf2 18. Rxf2 Bxf3 19. Rxf3 Rfd8 20. Rxd8+
Rxd8 21. Rd3 Rxd3 22. cxd3 e6 23. Kg1 Kf8 24. Bxf6 Bxf6 25. Kf2 Bd4+ 26. Ke2
Ke7 27. Kd2 f5 28. b3 Kd6 29. Ne2 Kd5 30. g3 h6 31. h4 b5 32. Nxd4 Kxd4 33. b4
e5 34. h5 gxh5 35. fxe5 Kxe5 36. Ke3 Ke6 1/2-1/2

[Event "First Saturday IM 11/2012"]
[Site "Budapest"]
[Date "2012.11.06"]
[Round "3.6"]
[White "Wittmann, Walter"]
[Black "Stigar, Petter"]
[Result "1/2-1/2"]
[WhiteElo "2245"]
[BlackElo "2290"]
[PlyCount "25"]
[EventDate "2012.11.03"]

1. e4 c6 2. d4 d5 3. Nd2 dxe4 4. Nxe4 Bf5 5. Ng3 Bg6 6. Bc4 e6 7. h4 h6 8. N1e2
Nf6 9. Nf4 Bh7 10. Ngh5 Nbd7 11. c3 Nxh5 12. Nxh5 Nf6 13. Bf4 1/2-1/2

[Event "First Saturday IM 11/2012"]
[Site "Budapest"]
[Date "2012.11.07"]
[Round "4.1"]
[White "Hou, Qiang"]
[Black "Stigar, Petter"]
[Result "1-0"]
[WhiteElo "2289"]
[BlackElo "2290"]
[PlyCount "67"]
[EventDate "2012.11.03"]

1. e4 c6 2. c4 d5 3. exd5 cxd5 4. cxd5 Nf6 5. Nc3 Nxd5 6. Nf3 g6 7. Qa4+ Nc6 8.
Bb5 Nb6 9. Bxc6+ bxc6 10. Qxc6+ Bd7 11. Qe4 Bg7 12. d4 Rc8 13. O-O Bc6 14. Qe2
O-O 15. Bg5 Re8 16. Rfe1 Nd5 17. Ne4 Qb6 18. Qd2 Ba8 19. a3 a5 20. Rac1 a4 21.
Nc5 Qa7 22. Bh6 Bh8 23. Ne5 Rcd8 24. Qc2 Nb6 25. Be3 Bd5 26. Qe2 Qa8 27. f3 Rc8
28. Qb5 Rb8 29. Na6 Bxe5 30. dxe5 Nc4 31. Nxb8 Rxb8 32. Qc5 Nxe5 33. Qd4 f6 34.
Bf4 1-0

[Event "First Saturday IM 11/2012"]
[Site "Budapest"]
[Date "2012.11.07"]
[Round "4.2"]
[White "Kislik, Erik Andrew"]
[Black "Wittmann, Walter"]
[Result "1-0"]
[WhiteElo "2413"]
[BlackElo "2245"]
[PlyCount "101"]
[EventDate "2012.11.03"]

1. e4 e5 2. Nf3 Nc6 3. Bb5 a6 4. Ba4 b5 5. Bb3 Bc5 6. O-O d6 7. c3 Bg4 8. h3
Bxf3 9. Qxf3 Nf6 10. d3 h6 11. Nd2 O-O 12. Re1 Ne7 13. Nf1 Ng6 14. g3 c6 15.
Ne3 Nh7 16. h4 Ne7 17. Bd2 Rb8 18. Rad1 Qd7 19. Bc1 Qa7 20. Nc2 Bb6 21. a4 Rbd8
22. Ne3 Kh8 23. Nf5 Nxf5 24. exf5 f6 25. Kg2 Qb7 26. g4 d5 27. axb5 axb5 28. d4
e4 29. Qh3 Qd7 30. Re2 Rde8 31. Rde1 Bc7 32. Kg1 Rg8 33. Kh1 g6 34. Bxh6 gxf5
35. gxf5 Bd6 36. Re3 Bc7 37. Bd1 Qf7 38. Bg4 Bd6 39. Rg1 Qc7 40. Rg2 Ra8 41.
Re1 Bf4 42. Bxf4 Qxf4 43. f3 exf3 44. Qxf3 Qh6 45. Bh5 Rxg2 46. Kxg2 Rg8+ 47.
Bg6 Qxh4 48. Qg3 Qxg3+ 49. Kxg3 Nf8 50. Rh1+ Kg7 51. Be8 1-0

[Event "First Saturday IM 11/2012"]
[Site "Budapest"]
[Date "2012.11.07"]
[Round "4.3"]
[White "Battey, Alexander"]
[Black "Aryan, Chopra"]
[Result "1/2-1/2"]
[WhiteElo "2362"]
[BlackElo "2051"]
[PlyCount "39"]
[EventDate "2012.11.03"]

1. d4 d5 2. Bf4 Nf6 3. e3 e6 4. Nd2 Bd6 5. Bg3 O-O 6. Bd3 c5 7. c3 Nc6 8. Ngf3
Ne8 9. dxc5 Bxc5 10. e4 dxe4 11. Nxe4 Be7 12. Qc2 f5 13. Ned2 Nf6 14. h3 Nh5
15. Bh2 Bd6 16. Bxd6 Qxd6 17. O-O-O Nf4 18. Bf1 Qe7 19. g3 Ng6 20. Bc4 1/2-1/2

[Event "First Saturday IM 11/2012"]
[Site "Budapest"]
[Date "2012.11.07"]
[Round "4.4"]
[White "Szeberenyi, Adam"]
[Black "Kojima, Shinya"]
[Result "1/2-1/2"]
[WhiteElo "2347"]
[BlackElo "2339"]
[PlyCount "34"]
[EventDate "2012.11.03"]

1. d4 d5 2. c4 c6 3. Nf3 Nf6 4. e3 g6 5. cxd5 cxd5 6. Bb5+ Nc6 7. Ne5 Bd7 8.
Nxd7 Qxd7 9. O-O Bg7 10. Nc3 a6 11. Be2 O-O 12. Bd2 Rac8 13. Na4 Qd6 14. Qb3
Ne4 15. Be1 b5 16. Nc3 Nxc3 17. Bxc3 Rc7 1/2-1/2

[Event "First Saturday IM 11/2012"]
[Site "Budapest"]
[Date "2012.11.07"]
[Round "4.5"]
[White "Holm, Sejer"]
[Black "Atnilov, Michael"]
[Result "0-1"]
[WhiteElo "2274"]
[BlackElo "2099"]
[PlyCount "87"]
[EventDate "2012.11.03"]

1. d4 d5 2. Nf3 c6 3. c4 Nf6 4. e3 e6 5. Bd3 dxc4 6. Bxc4 b5 7. Bd3 Nbd7 8. e4
a6 9. O-O Be7 10. a4 b4 11. Qc2 c5 12. e5 Nd5 13. Re1 h6 14. Nbd2 Bb7 15. Ne4
Rc8 16. dxc5 Bxc5 17. a5 O-O 18. Qe2 Qc7 19. Ng3 Be7 20. Bxh6 gxh6 21. Qd2 f5
22. Qxh6 Nc5 23. Nd4 Nxd3 24. Nxe6 Bc5 25. Nxc7 Bxf2+ 26. Kh1 Rxc7 27. Rf1 N5f4
28. Rxf2 Nxf2+ 29. Kg1 N2d3 30. Rf1 Rh7 31. Qd6 Bxg2 32. Rxf4 Nxf4 33. e6 Bd5
34. e7 Re8 35. Qxf4 Rhxe7 36. Qd6 Bb7 37. Qg6+ Kh8 38. Qf6+ Kg8 39. Qg5+ Kh8
40. Qh4+ Kg8 41. Qxb4 Rg7 42. Qc4+ Kh8 43. Kf1 Rg4 44. Qf7 0-1

[Event "First Saturday IM 11/2012"]
[Site "Budapest"]
[Date "2012.11.07"]
[Round "4.6"]
[White "Liu, Guanchu"]
[Black "Massoni, Michael"]
[Result "1-0"]
[WhiteElo "2233"]
[BlackElo "2381"]
[PlyCount "101"]
[EventDate "2012.11.03"]

1. e4 c5 2. Nc3 d6 3. Nge2 e6 4. d4 cxd4 5. Nxd4 Nf6 6. Be3 Be7 7. g4 h6 8. Qf3
Nc6 9. Rg1 a6 10. O-O-O Qc7 11. h4 h5 12. g5 Ng4 13. Bh3 Nce5 14. Qg3 g6 15.
Bd2 Qb6 16. Be1 Bd7 17. f4 Nc6 18. Bxg4 hxg4 19. Bf2 Qa5 20. Nb3 Qc7 21. Qxg4
Rc8 22. Kb1 b5 23. Qe2 Na5 24. Nxa5 Qxa5 25. Qd2 b4 26. Ne2 Qc7 27. Rc1 Bc6 28.
Qxb4 e5 29. Qc3 Qb7 30. fxe5 Bxe4 31. Qd4 d5 32. Rg3 Rc4 33. Qd2 Rb4 34. Ka1
Rxh4 35. Rb3 Rh2 36. Bg3 Rg2 37. Qe3 Qc6 38. Nd4 Qc4 39. Rxb4 Bxb4 40. Be1 Be7
41. Qh3 Rxg5 42. Qh8+ Kd7 43. Qh3+ Bf5 44. Nxf5 Rxf5 45. Bc3 Ke6 46. b3 Qf4 47.
Bb2 d4 48. Qd3 Rxe5 49. Qxa6+ Bd6 50. Rf1 Qe4 51. Ba3 1-0

[Event "First Saturday IM 11/2012"]
[Site "Budapest"]
[Date "2012.11.08"]
[Round "5.1"]
[White "Massoni, Michael"]
[Black "Hou, Qiang"]
[Result "1/2-1/2"]
[WhiteElo "2381"]
[BlackElo "2289"]
[PlyCount "94"]
[EventDate "2012.11.03"]

1. e4 e5 2. Nf3 Nc6 3. Bb5 a6 4. Ba4 Nf6 5. Qe2 b5 6. Bb3 Be7 7. O-O O-O 8. c3
d5 9. d3 Bb7 10. Bg5 Na5 11. Bc2 Nd7 12. Bxe7 Qxe7 13. Nbd2 c5 14. exd5 Bxd5
15. Rfe1 Rfe8 16. d4 cxd4 17. cxd4 Nc6 18. Bf5 f6 19. Qd3 g6 20. dxe5 Nb4 21.
Qd4 fxe5 22. Qg4 Nf6 23. Qg5 e4 24. Nd4 Qg7 25. Bh3 Nh5 26. Nf5 gxf5 27. Qxh5
Nc2 28. Bxf5 Bf7 29. Qh3 Nxa1 30. Rxa1 Bg6 31. Nxe4 Qxb2 32. Rf1 Ra7 33. Bxg6
hxg6 34. Nd6 Rf8 35. Qe6+ Kh7 36. Ne4 Rf5 37. g4 Rf4 38. g5 Raf7 39. Qh3+ Kg8
40. Nf6+ R4xf6 41. gxf6 Qxf6 42. Qg3 Kg7 43. Rd1 Qf3 44. Rd6 Qxg3+ 45. hxg3 Rf6
46. Rd7+ Kh6 47. Kg2 g5 1/2-1/2

[Event "First Saturday IM 11/2012"]
[Site "Budapest"]
[Date "2012.11.08"]
[Round "5.2"]
[White "Atnilov, Michael"]
[Black "Liu, Guanchu"]
[Result "0-1"]
[WhiteElo "2099"]
[BlackElo "2233"]
[PlyCount "51"]
[EventDate "2012.11.03"]

1. e4 Nf6 2. e5 Nd5 3. d4 d6 4. Nf3 g6 5. Bc4 c6 6. O-O Bg7 7. h3 O-O 8. c3
dxe5 9. Nxe5 Nd7 10. Nf3 N7f6 11. Re1 Bf5 12. Nbd2 Qc7 13. Ne5 Rad8 14. Ndf3 b5
15. Bd3 Bc8 16. Bd2 Nb6 17. Rc1 Qb7 18. Qc2 Nfd5 19. b3 a5 20. c4 Nb4 21. Bxb4
axb4 22. cxb5 cxb5 23. Bxb5 Bh6 24. Ra1 Nd5 25. a4 Qc7 26. Qc4 0-1

[Event "First Saturday IM 11/2012"]
[Site "Budapest"]
[Date "2012.11.08"]
[Round "5.5"]
[White "Wittmann, Walter"]
[Black "Battey, Alexander"]
[Result "1/2-1/2"]
[WhiteElo "2245"]
[BlackElo "2362"]
[PlyCount "31"]
[EventDate "2012.11.03"]

1. e4 c5 2. Nf3 d6 3. Nc3 a6 4. d4 cxd4 5. Nxd4 Nf6 6. a4 e5 7. Nf3 h6 8. Bc4
Be6 9. Bxe6 fxe6 10. O-O Be7 11. Nh4 O-O 12. Ng6 Rf7 13. f4 Nc6 14. Be3 Kh7 15.
Nxe7 Qxe7 16. f5 1/2-1/2

[Event "First Saturday IM 11/2012"]
[Site "Budapest"]
[Date "2012.11.08"]
[Round "5.6"]
[White "Stigar, Petter"]
[Black "Kislik, Erik Andrew"]
[Result "1/2-1/2"]
[WhiteElo "2290"]
[BlackElo "2413"]
[PlyCount "27"]
[EventDate "2012.11.03"]

1. Nf3 d5 2. d4 Nf6 3. c4 e6 4. g3 dxc4 5. Bg2 Nc6 6. Qa4 Bb4+ 7. Bd2 Nd5 8.
Bxb4 Ndxb4 9. O-O Rb8 10. Na3 O-O 11. Qb5 b6 12. Qxc4 Ba6 13. Nb5 Qd5 14. Qxd5
1/2-1/2

[Event "First Saturday IM 11/2012"]
[Site "Budapest"]
[Date "2012.11.09"]
[Round "6.1"]
[White "Hou, Qiang"]
[Black "Kislik, Erik Andrew"]
[Result "1-0"]
[WhiteElo "2289"]
[BlackElo "2413"]
[PlyCount "45"]
[EventDate "2012.11.03"]

1. e4 e5 2. Nf3 Nc6 3. Bc4 Bc5 4. b4 Bxb4 5. c3 Ba5 6. d4 exd4 7. Qb3 Qf6 8.
O-O dxc3 9. Bg5 Qg6 10. Nxc3 Nf6 11. Nd5 Nxd5 12. exd5 Ne5 13. Rfe1 Bxe1 14.
Rxe1 O-O 15. Rxe5 d6 16. Re1 Bg4 17. Be7 Bxf3 18. Qxf3 Rfe8 19. Bb5 Reb8 20. h4
f6 21. Qc3 a6 22. Bd7 Kh8 23. Qxc7 1-0

[Event "First Saturday IM 11/2012"]
[Site "Budapest"]
[Date "2012.11.09"]
[Round "6.3"]
[White "Szeberenyi, Adam"]
[Black "Wittmann, Walter"]
[Result "1/2-1/2"]
[WhiteElo "2347"]
[BlackElo "2245"]
[PlyCount "28"]
[EventDate "2012.11.03"]

1. d4 d5 2. c4 e6 3. Nf3 Nf6 4. Nc3 dxc4 5. e3 a6 6. a4 b6 7. Bxc4 Bb7 8. O-O
Nbd7 9. Qe2 Bb4 10. Bd2 Qe7 11. Rfd1 O-O 12. Be1 Rfd8 13. Qc2 c5 14. Be2 Rac8
1/2-1/2

[Event "First Saturday IM 11/2012"]
[Site "Budapest"]
[Date "2012.11.09"]
[Round "6.4"]
[White "Holm, Sejer"]
[Black "Aryan, Chopra"]
[Result "0-1"]
[WhiteElo "2274"]
[BlackElo "2051"]
[PlyCount "76"]
[EventDate "2012.11.03"]

1. d4 d5 2. Nf3 Nf6 3. c4 c6 4. e3 e6 5. Bd3 Nbd7 6. O-O Bd6 7. Nbd2 O-O 8. e4
e5 9. cxd5 cxd5 10. exd5 exd4 11. Ne4 Nxe4 12. Bxe4 Nf6 13. Qxd4 Nxe4 14. Qxe4
Re8 15. Qd3 Qf6 16. Bg5 Qxb2 17. Rfb1 Qe2 18. Qc3 Bf5 19. Re1 Qd3 20. Qxd3 Bxd3
21. Be3 h6 22. Red1 Bc2 23. Rd2 Be4 24. Rad1 f5 25. Rb2 b6 26. Rb5 f4 27. Bd4
Rac8 28. Ne1 Bf5 29. Kf1 Rc4 30. f3 Bd7 31. Rb2 Ba4 32. Rdd2 Bb4 33. Rxb4 Rxb4
34. Kf2 Bb5 35. Bc3 Rb1 36. Nd3 Re3 37. d6 Rxd3 38. Rxd3 Bxd3 0-1

[Event "First Saturday IM 11/2012"]
[Site "Budapest"]
[Date "2012.11.09"]
[Round "6.5"]
[White "Liu, Guanchu"]
[Black "Kojima, Shinya"]
[Result "1-0"]
[WhiteElo "2233"]
[BlackElo "2339"]
[PlyCount "79"]
[EventDate "2012.11.03"]

1. e4 c6 2. Nf3 d5 3. Nc3 Bg4 4. d4 e6 5. h3 Bh5 6. Be2 Nf6 7. e5 Ne4 8. Nxe4
dxe4 9. Ng5 Bxe2 10. Kxe2 Qd5 11. b3 c5 12. c4 Qxd4 13. Qxd4 cxd4 14. Nxe4 Nc6
15. Bb2 O-O-O 16. Rad1 Be7 17. f4 f6 18. Rd3 fxe5 19. fxe5 Rhf8 20. Rf1 Rf5 21.
Rxf5 exf5 22. Nd2 Bc5 23. Nf3 Nb4 24. Rd1 d3+ 25. Kf1 Nc2 26. Bc1 Be3 27. Bd2
f4 28. e6 Rd6 29. Ne5 Rxe6 30. Nxd3 Rd6 31. Bc3 g5 32. Ke2 Nd4+ 33. Bxd4 Bxd4
34. Kf3 Be3 35. Nb2 Re6 36. Rd5 Bc1 37. Nd3 Re3+ 38. Kf2 Ba3 39. Ne5 h6 40. Nf7
1-0

[Event "First Saturday IM 11/2012"]
[Site "Budapest"]
[Date "2012.11.09"]
[Round "6.6"]
[White "Massoni, Michael"]
[Black "Atnilov, Michael"]
[Result "1-0"]
[WhiteElo "2381"]
[BlackElo "2099"]
[PlyCount "75"]
[EventDate "2012.11.03"]

1. e4 c5 2. Nf3 d6 3. d4 cxd4 4. Nxd4 Nf6 5. Nc3 a6 6. Be2 e5 7. Nb3 Be7 8. O-O
O-O 9. Kh1 b5 10. a4 b4 11. Nd5 Bb7 12. Be3 Nxd5 13. exd5 Nd7 14. c4 a5 15. Qd2
Rc8 16. Rfd1 f5 17. f3 f4 18. Bg1 Rf6 19. Bd3 g5 20. Qc2 h5 21. Bf5 Ba6 22.
Bxd7 Qxd7 23. Nxa5 g4 24. Nc6 Kh8 25. Qe4 Rg8 26. c5 h4 27. Nxe7 Qxe7 28. cxd6
Qg7 29. Qxe5 h3 30. Bd4 hxg2+ 31. Kg1 Rgf8 32. Qh5+ Kg8 33. Bxf6 Qxf6 34. Qxg4+
Kh8 35. Qh5+ Kg8 36. Kxg2 Rf7 37. Kh1 Rg7 38. Re1 1-0

[Event "First Saturday IM 11/2012"]
[Site "Budapest"]
[Date "2012.11.10"]
[Round "7.1"]
[White "Atnilov, Michael"]
[Black "Hou, Qiang"]
[Result "0-1"]
[WhiteElo "2099"]
[BlackElo "2289"]
[PlyCount "106"]
[EventDate "2012.11.03"]

1. e4 e5 2. Nf3 Nc6 3. Bc4 Bc5 4. c3 Nf6 5. d3 O-O 6. Bb3 d5 7. Qe2 a5 8. a4
Be6 9. Bc2 Re8 10. O-O h6 11. h3 d4 12. Nbd2 dxc3 13. bxc3 Nh5 14. Nb3 Ng3 15.
Qd1 Bxb3 16. Bxb3 Nxf1 17. Kxf1 Qf6 18. g4 Rad8 19. Bc4 Rd7 20. Ke2 Nd8 21. g5
hxg5 22. Bxg5 Qg6 23. Qb3 Qb6 24. Qa2 Bxf2 25. Rb1 Qa7 26. Rf1 Bg3 27. Be3 b6
28. Ng5 Bf4 29. Bxf4 exf4 30. Rxf4 c6 31. Kf1 Re5 32. h4 b5 33. axb5 cxb5 34.
Bd5 Rdxd5 35. exd5 Qe3 36. Re4 Rxe4 37. dxe4 Qxc3 38. Qf2 a4 39. Qb6 Qf6+ 40.
Qxf6 gxf6 41. Nf3 a3 42. Nd4 a2 43. Nb3 Nb7 44. Ke2 Nc5 45. Na1 Nxe4 46. Ke3 f5
47. Kf4 b4 48. h5 Kg7 49. Kxf5 Nc5 50. d6 b3 51. Nxb3 Nxb3 52. d7 Nd4+ 53. Ke4
Ne6 0-1

[Event "First Saturday IM 11/2012"]
[Site "Budapest"]
[Date "2012.11.10"]
[Round "7.2"]
[White "Kojima, Shinya"]
[Black "Massoni, Michael"]
[Result "0-1"]
[WhiteElo "2339"]
[BlackElo "2381"]
[PlyCount "44"]
[EventDate "2012.11.03"]

1. Nf3 Nf6 2. c4 g6 3. Nc3 d5 4. cxd5 Nxd5 5. g3 Bg7 6. Bg2 O-O 7. O-O Nb6 8.
d3 Nc6 9. Be3 e5 10. Rc1 Nd4 11. Ne4 Be6 12. Nxd4 exd4 13. Bg5 f6 14. Bd2 Bd5
15. a4 f5 16. Bg5 Qe8 17. Nc5 Qf7 18. Qd2 Rae8 19. Rc2 Bxg2 20. Kxg2 Nd5 21.
Nxb7 f4 22. Nc5 Rxe2 0-1